Online Catalogue and eLibrary

Ayvumuraiyiyal (Record no. 3883)

MARC details
000 -LEADER
fixed length control field 00368nam a2200157Ia 4500
005 - DATE AND TIME OF LATEST TRANSACTION
control field 20250325065433.0
008 - FIXED-LENGTH DATA ELEMENTS--GENERAL INFORMATION
fixed length control field 240331s9999 xx 000 0 und d
020 ## - INTERNATIONAL STANDARD BOOK NUMBER
ISBN 9344080021
082 ## - DDC Classification
Item Number - Author Mark SHU
Class No. 894
100 ## - MAIN ENTRY--PERSONAL NAME
Personal name Shuinmughom, A
245 #0 - TITLE STATEMENT
Title Ayvumuraiyiyal
260 ## - PUBLICATION, DISTRIBUTION, ETC.
Place of publication, distribution, etc. Thanjavur
Name of publisher, distributor, etc. Annam
Date of publication, distribution, etc. 2005
300 ## - PHYSICAL DESCRIPTION
Extent (e.g. Volumes, Pages etc.) 199 p .,
500 ## - GENERAL NOTE
General note Research methodology
942 ## - Koha item type (Biblio)
Koha item type Books in Stacks (Lending)
Holdings
Lost status Damaged status Collection code Home library Current library Shelving location Date acquired Full call number Accession Number Item type
    Lending WERC Library WERC Library Social Science Cupboard 03/31/2024 894.811 SHU 5928 Books in Stacks (Lending)

© WERC Library